000 00312nam a22001337a 4500
008 170214b xxu||||| |||| 00| 0 eng d
020 _a9781885987051
041 _aeng
080 _23RD
_a61
100 _a4
101 _aSHM
245 _aMEDICAL ACRONYMS, EPONYMS & ABBREVATIONS
_cDELONG, M.F
942 _2udc
_cBK
999 _c5370
_d5370